Score 0/33 Timer 04:00
0 Plays Today
Clue Word % Correct
'60% of the ____ it works every ____'•TIME•
91.8%
Fluid secreted by the liverBILE
90.7%
Scrabble game piece, e.g.TILE
90.7%
Chomp; grip with teethBITE
90%
Venison or porkMEAT
89.4%
Foal's motherMARE
86.4%
Bad-manneredRUDE
85.7%
Ticket to ____RIDE
85.5%
'____ your Ps and Qs'MIND
85.2%
Honey-based drinkMEAD
84.7%
Drink without ice, at the barNEAT
84.4%
Affordable ____ ActCARE
84%
Return to healthMEND
83.8%
Tiny salamanderNEWT
80.4%
Brooklyn ballersNETS
78.5%
'It’s made with ____ of real panther....'•BITS•
76.6%
'____ Team Assemble!'•NEWS•
76.5%
Clue Word % Correct
Louse eggsNITS
75.4%
Brian Fantana actor Paul•RUDD•
73.2%
One of four in a squareSIDE
73.1%
____ of the Ancient MarinerRIME
72.9%
Complex networkMAZE
70.3%
Climb the ranksRISE
70.1%
'I'm in a glass ____ of emotion!'•CASE•
68.8%
Completely destroy a buildingRAZE
68.3%
Swim alternativeSINK
63.1%
It's 1 for 90°SINE
61.6%
Stiffness in the neckKINK
57.8%
Con jobRUSE
57.6%
Ron's favorite instrument, ____ flute•JAZZ•
57.4%
Sportscaster Champ•KIND•
56.7%
TeaseRAZZ
53.5%
Central New York school, colloquially'CUSE
49.3%

Today's Daily Dose

Missing Word
1900s A-Z

Word Ladder
Space Firsts

Quick Pick
Salsa

Get the Picture
Body Systems

Remove Ads.
Support Sporcle.
Get the best of Sporcle when you Go Orange. This ad-free experience offers more features, more stats, and more fun while also helping to support Sporcle. Thank you for becoming a member.

You're not logged in!

Compare scores with friends on all Sporcle quizzes.
OR
Log In

Show Comments

Extras

Top Quizzes Today


Score Distribution

Your Account Isn't Verified!

In order to create a playlist on Sporcle, you need to verify the email address you used during registration. Go to your Sporcle Settings to finish the process.

Report this User

Report this user for behavior that violates our Community Guidelines.

Details: